Nghiên cứu bón bổ sung một số nguyên tố vi lượng và Gibberellin vào thành phần dinh dưỡng đất cát trong điều kiện thí nghiệm tại Liên Chiểu - Đà Nẵng nhằm tăng năng suất và phẩm chất cây đậu bắp

Tổng quan. Đối tượng và phương pháp nghiên cứu. Kết quả và thảo luận...

Shranjeno v:
Bibliografske podrobnosti
Glavni avtor: Đỗ Thị Bích Ngọc
Drugi avtorji: Nguyễn Tấn Lê TS (Hướng dân)
Format: Knjiga
Jezik:Vietnamese
Izdano: Đà Nẵng Đại học Đà Nẵng 2009
Teme:
Oznake: Označite
Brez oznak, prvi označite!
Thư viện lưu trữ: Mạng thư viện Đại học Đà Nẵng
LEADER 01593nam a2200361 4500
001 000010624
003 6831
005 20111216081251.0
008 111216s2009 viesd
041 |a vie 
072 |a Luận văn Thạc sĩ Khoa học 
082 |a 631.8  |b ĐO-N 
100 |a Đỗ Thị Bích Ngọc 
245 |a Nghiên cứu bón bổ sung một số nguyên tố vi lượng và Gibberellin vào thành phần dinh dưỡng đất cát trong điều kiện thí nghiệm tại Liên Chiểu - Đà Nẵng nhằm tăng năng suất và phẩm chất cây đậu bắp  |c Đỗ Thị Bích Ngọc 
260 |a Đà Nẵng  |b Đại học Đà Nẵng  |c 2009 
300 |a 84 tr.  |c 29 cm  |e Tóm tắt 
500 |a Luận văn Thạc sĩ. Chuyên ngành: Hóa hữu cơ. Mã số: 60.42.60 
520 |a Tổng quan. Đối tượng và phương pháp nghiên cứu. Kết quả và thảo luận... 
653 |a Nguyên tố vi lượng 
653 |a Gibberellin 
653 |a Luận văn Thạc sĩ Hóa hữu cơ 
653 |a Hóa học 
700 |a Nguyễn Tấn Lê  |c TS  |e Hướng dân 
OWN |a LSP 
AVA |a UDN50  |b LSP  |d 631.8 ĐO-N  |e available  |t Error 5001 Not defined in file expand_doc_bib_avail.  |f 1  |g 0  |h N  |i 0  |k 1 
999 |a From the UDN01 
AVA |a UDN50  |b LSP  |d 631.8 ĐO-N  |e available  |t Error 5001 Not defined in file expand_doc_bib_avail.  |f 1  |g 0  |h N  |i 0  |k 1 
TYP |a Monograph 
TYP |a Printed language 
980 |a Mạng thư viện Đại học Đà Nẵng